|
|
|
|
| LEADER |
00000naa0a2200000 4500 |
| 001 |
597461 |
| 005 |
20250206141638.0 |
| 035 |
|
|
|a (RuTPU)RU\TPU\tpu\20744
|
| 090 |
|
|
|a 597461
|
| 100 |
|
|
|a 20120219d2004 k||y0rusy50 ca
|
| 101 |
0 |
|
|a rus
|
| 102 |
|
|
|a RU
|
| 200 |
1 |
|
|a Вопросы улучшения взаимоотношений обособленных структурных подразделений вуза с потребителями
|f А. В. Аристов, Н. В. Худинова
|
| 333 |
|
|
|a В фонде НТБ ТПУ отсутствует
|
| 461 |
|
|
|t Современные наукоемкие технологии
|d 2004
|
| 463 |
|
|
|t № 6
|v С. 51-53
|d 2004
|
| 610 |
1 |
|
|a труды учёных ТПУ
|
| 700 |
|
1 |
|a Аристов
|b А. В.
|c российский ученый, специалист в области электротехники
|c профессор Томского политехнического университета, доктор технических наук
|f 1952-
|g Анатолий Владимирович
|3 (RuTPU)RU\TPU\pers\25508
|
| 701 |
|
1 |
|a Худинова
|b Н. В.
|
| 801 |
|
1 |
|a RU
|b 63413507
|c 20120219
|
| 801 |
|
2 |
|a RU
|b 63413507
|c 20120219
|g RCR
|
| 942 |
|
|
|c CR
|